Responses for Show #1145 - Friday, July 21, 1989

1989 Senior Tournament final game 2.
Last game of Season 5.

Contestants

[<< previous game]

Bob Drez, a teacher from Hattiesburg, Mississippi (subtotal of $3,500)

Ouida Rellstab, a teacher from New Orleans, Louisiana (subtotal of $6,799)

Jim Friguglietti, a college professor from Billings, Montana (subtotal of $6,400)

[next game >>]

Jeopardy! Round responses

WOMEN IN HISTORY
'88 MOVIES
PHILOSOPHERS
MUSICAL TEXAS TOWNS
GOLF
IN OTHER WORDS...
    $100 1
Queen Victoria

Ouida
    $100 26
George Burns

Jim
    $100 8
Confucius

Ouida
    $100 16
San Antonio

Jim
    $100 21
a spoon

Ouida
    $100 2
"All work and no play makes Jack a dull boy"

Ouida
    $200 4
a comet

Bob
    $200 27
[The end-of-round signal sounds.]

Jamie Lee Curtis

Triple Stumper
    $200 9
Tolstoy

Jim
    $200 17
Amarillo

Ouida
    $300 22
Bob Hope

Ouida
    $200 3
"shoot the works"

Jim
    $300 13
(Bob: What's a college degree?... an A.B.?)

Doctor of Medicine

OuidaBob
    $300 10
[ERRATUM: The cartoonist's name is spelled Schulz, not "Shultz" as seen on the screen.]

happiness

Jim
    $300 18
(Jim: What is Galveston?)

Houston

Jim
Triple Stumper
    $300 23
the fairway

Triple Stumper
    $300 5
"Work expands to fill the time available for it"

Ouida
    $400 14
(Alex: You're going to hate yourself when you hear her name, [*].)

Amelia Earhart

Triple Stumper
    $400 11
Nietzsche

Jim
    $400 19
(Ouida: What is "Big D-Little L-Double L-A-S?)
(Alex: And you were in tune...She spelled it incorrectly? I was so amazed at the song. All right. Jim or Bob?)
---
(Alex: What is she say? [correction from off-screen]. "Little L". Oh, sorry Ouida. But I like your singing anyway. Select again.)
(Ouida: You're the only one.

"Big D-Little A-Double L-A-S

Ouida
Triple Stumper
    $400 24
Bobby Jones

Ouida
    $400 6
(Alex: Sort of like being a champion on this show.)

"Nice work, if you can get it"

Ouida
    $500 15
(Jim: Is it [*]? What is [*]?)
(Alex: That's all right. "Is it [*]?" is phrased correctly, and it is the correct response as well.)

Betsy Ross

Jim
    $500 12
Plato

Jim
    $500 20
(Alex: Now is the time for [*].)

Galveston

Triple Stumper
    $500 25
(Alex: He was known as [*] Tony because he bought them [*].)

champagne

Triple Stumper
    $500 7
"Don't ask me, I just work here"

Ouida

Scores at the first commercial break (after clue 12):

Jim Ouida Bob
$1,600 $1,500 $200

Scores at the end of the Jeopardy! Round:

Jim Ouida Bob
$2,000 $2,400 -$100

Double Jeopardy! Round responses

NOVEL PLACES
(Alex: These are places in novels.)
BALLET
EVOLUTION
PBS
WORLD CAPITALS
THE SUPREME COURT
    $200 2
Treasure Island

Jim
    $200 7
he speaks (in Spanish)

Triple Stumper
    $200 14
footprints

Jim
    $200 25
[Alex gives her full first name, Charlayne.]

MacNeil/Lehrer NewsHour

Jim
    $200 11
Belfast

Jim
    $200 15
9

Ouida
    $400 3
Around the World in 80 Days

Jim
    $400 8
the very first ballet company

Triple Stumper
    $400 16
a fossil

Ouida
    $400 26
Nova

Ouida
    $400 10
Bolivia

Jim
    $400 20
Scalia

Bob
    $600 4
Jane Eyre

Ouida
    $600 9
god of the dance

Bob
    $2,000 17
Natural Selection

Ouida
    $600 27
The Smithsonian World

Ouida
    $600 1
Addis Ababa

Ouida
    $600 21
Nixon

Jim
    $800 5
(Ouida: What is "Heart of Darkness"?)

Green Mansions

JimOuida
    $800 23
Giselle

Bob
    $800 18
Tennessee

Ouida
    $800 28
(Louis) Rukeyser

Ouida
    $800 12
Wellington

Ouida
    $800 22
(Anthony) Kennedy

Ouida
    $1000 6
Babbitt

Ouida
    $1000 30
(Bob: What's the Firebird?)

Le Coq d'Or

Bob
Triple Stumper
    $1000 19
Homo sapiens

Bob
    $600 29
Upstairs, Downstairs

Ouida
    $1000 13
(Bob: What is Aden?)

Abu Dhabi

Bob
Triple Stumper
    $1000 24
American Ambassador to the United Nations

Jim

Scores at the end of the Double Jeopardy! Round:

Jim Ouida Bob
$6,000 $11,200 $700

[wagering suggestions for these scores]

Final Jeopardy! Round responses

AMERICAN POETS
[Bob wins a guaranteed $7,500, Jim wins $10,000, and Ouida takes home $25,000.]
BobWho was Carl Sandburg?
$700
JimWho is Robert Frost?
$2,400
OuidaWho is Carl Sandburg
$1,000
Carl Sandburg

Final scores:

Jim Ouida Bob
$3,600 $12,200 $1,400

Cumulative scores:

Jim Ouida Bob
$10,000 $18,999 $4,900
1st runner-up: $10,000 Tournament champion: $25,000 2nd runner-up: $7,500

Game dynamics:

Coryat scores:

Jim Ouida Bob
$6,000 $10,100 $700
17 R,
1 W
24 R
(including 3 DDs),
2 W
5 R,
3 W

Combined Coryat: $16,800

[game clues] [game scores] [suggest correction]

Game tape date: 1989-02-28
The J! Archive is created by fans, for fans. Scraping, republication, monetization, and malicious use prohibited; this site may use cookies and collect identifying information. See terms. The Jeopardy! game show and all elements thereof, including but not limited to copyright and trademark thereto, are the property of Jeopardy Productions, Inc. and are protected under law. This website is not affiliated with, sponsored by, or operated by Jeopardy Productions, Inc. Join the discussion at JBoard.tv.